000 00349nam a2200169Ia 4500
100 _aVaswani/ Vikram
650 _aSQL
942 _cBK
366 _f25
654 _aSQL
245 _aComplete Reference :My SQL
260 _bTata McGraw Hill
_c2004
082 _a5.133
_bVAS
300 _a540
546 _aENGLISH
_cPAMPHALETS
999 _c35732
_d35732